000 00181nam a22000857a 4500
082 _a823
100 _aMOHANBHAT S PATEL
245 _aONCE UPON A TIME
_bSTORIES FOR CHILDREN
942 _cBK
999 _c8323
_d8323